「川」のつく市町村名 - Statistics

General Stats
  • This quiz has been taken 875 times
  • The average score is 54 of 110
Answer Stats
都道府県 市町村 % Correct
神奈川県 川崎市
88%
埼玉県 川越市
83%
埼玉県 川口市
79%
北海道 旭川市
76%
北海道 上川郡(石狩) 上川町
75%
北海道 中川郡(天塩) 中川町
71%
福島県 石川郡 石川町
69%
千葉県 市川市
69%
東京都 江戸川区
69%
北海道 滝川市
68%
東京都 荒川区
67%
福岡県 田川市
66%
福岡県 大川市
66%
北海道 砂川市
65%
北海道 深川市
63%
青森県 五所川原市
63%
兵庫県 川西市
62%
和歌山県 紀の川市
62%
徳島県 吉野川市
62%
神奈川県 愛甲郡 愛川町
61%
岐阜県 揖斐郡 揖斐川町
61%
福島県 須賀川市
60%
愛知県 豊川市
60%
兵庫県 加古川市
60%
福岡県 那珂川市
60%
鹿児島県 薩摩川内市
60%
埼玉県 比企郡 小川町
59%
新潟県 糸魚川市
59%
静岡県 掛川市
59%
京都府 木津川市
59%
和歌山県 有田郡 有田川町
58%
神奈川県 高座郡 寒川町
57%
富山県 滑川市
57%
宮城県 柴田郡 川崎町
55%
岐阜県 中津川市
55%
岐阜県 加茂郡 白川町
55%
岐阜県 大野郡 白川村
55%
静岡県 菊川市
55%
福岡県 田川郡 川崎町
55%
北海道 上川郡(天塩) 下川町
54%
栃木県 那須郡 那珂川町
54%
東京都 品川区
54%
東京都 立川市
54%
静岡県 榛原郡 川根本町
54%
青森県 平川市
53%
奈良県 吉野郡 十津川村
53%
長野県 南佐久郡 川上村
52%
岐阜県 加茂郡 東白川村
52%
奈良県 吉野郡 川上村
52%
群馬県 渋川市
51%
埼玉県 吉川市
51%
千葉県 鴨川市
51%
山梨県 南巨摩郡 富士川町
51%
大阪府 寝屋川市
51%
神奈川県 愛甲郡 清川村
50%
北海道 樺戸郡 新十津川町
49%
山形県 西村山郡 西川町
49%
和歌山県 日高郡 日高川町
49%
埼玉県 桶川市
48%
埼玉県 比企郡 川島町
47%
石川県 能美郡 川北町
47%
三重県 三重郡 川越町
47%
高知県 土佐郡 大川村
47%
宮城県 牡鹿郡 女川町
46%
埼玉県 児玉郡 神川町
46%
香川県 綾歌郡 綾川町
46%
北海道 余市郡 赤井川村
45%
福岡県 柳川市
45%
北海道 上川郡(石狩) 東川町
44%
山形県 東田川郡 三川町
44%
茨城県 桜川市
44%
山形県 東置賜郡 川西町
43%
奈良県 磯城郡 川西町
43%
栃木県 河内郡 上三川町
41%
山形県 最上郡 真室川町
40%
山形県 最上郡 鮭川村
40%
高知県 安芸郡 北川村
40%
奈良県 吉野郡 天川村
39%
北海道 空知郡 上砂川町
38%
山梨県 西八代郡 市川三郷町
38%
長野県 下伊那郡 松川町
38%
奈良県 吉野郡 野迫川村
38%
島根県 邑智郡 川本町
38%
群馬県 利根郡 川場村
37%
山梨県 南巨摩郡 早川町
37%
長野県 北安曇郡 松川村
37%
長崎県 東彼杵郡 川棚町
37%
宮崎県 児湯郡 川南町
37%
埼玉県 比企郡 滑川町
36%
新潟県 岩船郡 関川村
36%
岐阜県 加茂郡 川辺町
36%
秋田県 南秋田郡 井川町
35%
長野県 上水内郡 小川村
35%
兵庫県 神崎郡 市川町
35%
和歌山県 東牟婁郡 古座川町
35%
福島県 伊達郡 川俣町
34%
福島県 双葉郡 川内村
34%
兵庫県 河辺郡 猪名川町
34%
和歌山県 有田郡 広川町
33%
高知県 吾川郡 仁淀川町
33%
福岡県 八女郡 広川町
33%
長野県 上伊那郡 中川村
32%
高知県 高岡郡 佐川町
32%
福島県 東白川郡 鮫川村
29%
福島県 河沼郡 湯川村
28%
福島県 石川郡 玉川村
28%
熊本県 八代郡 氷川町
27%
福島県 石川郡 浅川町
26%
福岡県 嘉穂郡 桂川町
26%
宮崎県 東臼杵郡 門川町
22%
No matching quizzes found
Score Distribution
Percent of People with Each Score
Percentile by Number Answered
Your Score History
You have not taken this quiz